[Event "Las Americas op U1800 Hybrid"]
[Site "Internet"]
[Date "2022.06.04"]
[Round "1.11"]
[White "May Sanchez, Ivanna Daniela"]
[Black "Gaibor, Ivan"]
[Result "0-1"]
[WhiteElo "1447"]
[BlackElo "1692"]
[PlyCount "46"]
[EventDate "2022.06.04"]
[EventType "swiss"]
[EventRounds "6"]
[EventCountry "VEN"]
[SourceTitle "EXT 2024"]
[Source "ChessBase"]
[SourceDate "2023.10.10"]
[SourceVersion "1"]
[SourceVersionDate "2023.10.10"]
[SourceQuality "1"]

1. e4 c5 2. d4 cxd4 3. Nf3 d6 4. Bc4 Nf6 5. Nxd4 e6 6. Nc3 Be7 7. Be3 Nc6 8. f4 a6 9. Qf3 Qc7 10. 0-0-0 Nxd4 11. Rxd4 e5 12. fxe5 dxe5 13. Bxf7+ Kxf7 14. Nd5 Qa5 15. Nxf6 Bxf6 16. Rd6 Qxa2 17. Rhd1 Be6 18. g4 h6 19. Rb6 Qa1+ 20. Kd2 Rhd8+ 21. Ke1 Rxd1+ 22. Qxd1 Bh4+ 23. Ke2 Bxg4+ 0-1